000 04097cam a22012614i 4500
003 PE-LiUPU
005 20250813185557.0
008 150706s r 000 0 d
020 _a9786034527959
035 _a(Sirsi) i9786034527959
040 _aPE-LiUPU
_bspa
_cPE-LiUPU
_erda
049 _aPRUA
082 0 4 _a379.8
_bP
_221
245 0 1 _aPolíticas educativas y trabajo docente en América Latina /
_ccompilado por Dalila Andrade Oliveira.
264 1 _aLima :
_bAsociación Civil Universidad de Ciencias y Humanidades,
_c2008.
300 _a278 páginas ;
_c22 centímetros
336 _atext
_2rdacontent
337 _aunmediated
_2rdamedia
338 _avolume
_2rdacarrier
490 0 _aEducación
500 _aRecoge once textos escritos por un colectivo de intelectuales de diferentes países pertenecientes a la Red Latinoamericana de Estudios sobre Trabajo Docente, Red Estrado.
505 0 _aLas reformas educativas y sus repercusiones en el trabajo docente -- Trabajo docente y reformas neoliberales -- Las políticas educativas y el trabajo docente: consideraciones sobre la experiencia cubana -- Estudios del trabajo docente -- Salud y condiciones de trabajo en las escuelas públicas -- Interrelación entre trabajo docente y salud en una institución de educación superior -- La formación docente y la educación nacional -- Reformas educativas y formación de profesores en Brasil -- Docencia, globalización y esperanza: más allá del discurso de la redención -- Trabajo docente, formación de profesores y diversidad étnico-cultural -- La formación intercultural de los profesores.
526 _aP202
526 _aP201
526 _aP163
526 _aP162
526 _aP161
526 _aP160
526 _aP148
526 _aP147
526 _aP146
526 _aP145
526 _aP144
526 _aP143
526 _aP142
526 _aP141
526 _aP140
526 _aP139
526 _aP138
526 _aP137
526 _aP136
526 _aP135
526 _aP134
526 _aP133
526 _aP129
526 _aP128
526 _aP127
526 _aP120
526 _aP119
526 _aP118
526 _aP116
526 _aP115
526 _aP114
526 _aP110
526 _aP109
526 _aP108
526 _aP104
526 _aP103
526 _aP102
526 _aP99
526 _aP98
526 _aP97
526 _aP96
526 _aP95
526 _aP93
526 _aP90
526 _aP89
526 _aP88
526 _aP83
526 _aP82
526 _aP62
526 _aP59
526 _aP58
526 _aP57
526 _aP51
526 _aP49
526 _aP48
526 _aP47
526 _aP29
526 _aP24
526 _aP20
526 _aP19
526 _aP17
526 _aP15
526 _aP14
526 _aP12
526 _aP10
526 _aP09
526 _aP08
526 _aP07
526 _aP06
526 _aP05
526 _aP04
526 _aP01
541 _g001-0031672;
650 0 4 _aEducación y Estado
_zAmérica Latina.
650 0 4 _aEducadores
_xFormación profesional
_zAmérica Latina.
650 0 4 _aReforma educativa
_zAmérica Latina.
650 0 4 _aReforma educativa
_zAmérica Latina.
700 1 _aAndrade Oliveira, Dalila,
_ecomp.
710 2 _aUniversidad de Ciencias y Humanidades (Lima)
910 _bjv
_cjvm
_d20100817
942 _2ddc
_cBOOK
949 _aPGE 379.8 P
_wDEWEY
_c1
_i61993
_lCCODEBUL1
_mBUL
_p8.00
_r0
_sY
_tBOOK
_u2015-7-6
_xEDUCACION
_PP57
_0COMPRA
_o.CIRCNOTE. No olvidar cambiar la fecha de devolución!!!!!!!
_o.STAFF. Colección General
994 _aC0
_bPEPRU
596 _a1
999 _aPGE 379.8 P
_wDEWEY
_c51105
_i61993
_f2021-11-8
_g5
_lCCODEBUL1
_mBUL
_p8.00
_r0
_sN
_tBOOK
_u2015-7-6
_xEDUCACION
_PP57
_0COMPRA
_o.CIRCNOTE. No olvidar cambiar la fecha de devolución!!!!!!!
_o.STAFF. Colección General
_d51105
980 _81
_gALBERTO SANCHEZ Responsable de Automatización